Shock wave studies in a ring electrode shock tube /
محفوظ في:
| المؤلف الرئيسي: | |
|---|---|
| التنسيق: | أطروحة كتاب |
| اللغة: | English |
| منشور في: |
Kuala Lumpur,
1969.
|
| الموضوعات: | |
| الوسوم: |
إضافة وسم
لا توجد وسوم, كن أول من يضع وسما على هذه التسجيلة!
|
| LEADER | 00708cam a2200229 a 4500 | ||
|---|---|---|---|
| 001 | u155172 | ||
| 003 | SIRSI | ||
| 008 | 920423a1969 my a t 00 1 eng | ||
| 035 | |a AAS-4231 | ||
| 040 | |a UMM | ||
| 090 | |a QC168 |b Pan | ||
| 100 | 1 | 0 | |a Pang, Chok Khon. |
| 245 | 1 | 0 | |a Shock wave studies in a ring electrode shock tube / |c Pang Chok Khon. |
| 260 | |a Kuala Lumpur, |c 1969. | ||
| 300 | |a iii, 161 leaves : |b ill. ; |c 27 cm. | ||
| 500 | |a Mimeographed. | ||
| 502 | |a Dissertation (M.Sc.) -- Universiti Malaya, 1969. | ||
| 504 | |a Bibliography: leaves 153-161. | ||
| 650 | 0 | |a Shock waves. | |
| 948 | |a 23/04/1992 |b 03/09/2002 | ||
| 596 | |a 1 | ||
| 999 | |a QC168 PAN |w LC |c 1 |i A002746194 |l STACKS |m P01UTAMA |r Y |s Y |t TESIS |u 23/4/1992 | ||
